Modernidad y posmodernidad: una óptica desde américa latina /

Guardado en:
Autor Principal: Follari, Roberto A.
Formato: Libro
Publicado: Buenos Aires : Rei/instituto de Estudios Y Acci¢n Social/aique, 1992
Edición:2a. ed.
Series:Cuadernos
Materias:
Etiquetas: Agregar Etiqueta
Sin Etiquetas, Sea el primero en etiquetar este registro!
LEADER 00728nam a22002295a 4500
001 CEM.cems007490
008 130507s1992##################000#0#####d
005 20241209082522.0
245 1 0 |a Modernidad y posmodernidad: una óptica desde américa latina / 
250 |a 2a. ed. 
260 |a Buenos Aires :  |b Rei/instituto de Estudios Y Acci¢n Social/aique,  |c 1992 
300 |a 176 p. 
490 0 |a Cuadernos 
100 1 |a Follari, Roberto A. 
082 0 4 |a 149 
653 |a America latina 
653 |a C. basico 1994 
653 |a Filosofia 
653 |a Interdisciplinaridad 
653 |a Modernidad 
859 |a CEMS  |b BIB. CEMS - 11 de abril  |h 149  |i F72  |p 17506.94  |t Ej.2 
859 |a CEMS  |b BIB. CEMS - 11 de abril  |h 149  |i F72  |p 17718.94  |t Ej.3